Calculus. (Record no. 973)

MARC details
005 - DATE AND TIME OF LATEST TRANSACTION
control field 20250319125039.0
020 ## - INTERNATIONAL STANDARD BOOK NUMBER
International Standard Book Number 0-07-285583-5
082 ## - DEWEY DECIMAL CLASSIFICATION NUMBER
Classification number 515 HOF
100 ## - MAIN ENTRY--PERSONAL NAME
Author name HOFFMANN,L.D.
245 ## - TITLE STATEMENT
Title Calculus.
250 ## - EDITION STATEMENT
Edition statement 8th Ed.
260 ## - PUBLICATION, DISTRIBUTION, ETC.
Place of publication, distribution, etc. New York,
Name of publisher, distributor, etc. McGraw-Hill higher Education,
Date of publication, distribution, etc. 2004.
300 ## - PHYSICAL DESCRIPTION
Extent x,728p.:Ill.;figures.
Other physical details Index.
Dimensions 25cm.
700 ## - ADDED ENTRY--PERSONAL NAME
Other authors/Editors GERALD,L. BRADLEY.
942 ## - ADDED ENTRY ELEMENTS (KOHA)
Source of classification or shelving scheme Dewey Decimal Classification
Koha item type Books
Holdings
Date last seen Total checkouts Full call number Barcode Cost, replacement price Price effective from Koha item type Lost status Source of classification or shelving scheme Damaged status Not for loan Withdrawn status Home library Current library Shelving location Date acquired Cost, normal purchase price
03/19/2025   515 HOF 0000003823 57900.00 03/19/2025 Books   Dewey Decimal Classification       College of Business Education Main Library College of Business Education Main Library General Collection 03/19/2025 19300.00
03/19/2025   515 HOF 0000003824 57900.00 03/19/2025 Books   Dewey Decimal Classification       College of Business Education Main Library College of Business Education Main Library General Collection 03/19/2025 19300.00
03/19/2025   515 HOF 0000003825 57900.00 03/19/2025 Books   Dewey Decimal Classification       College of Business Education Main Library College of Business Education Main Library General Collection 03/19/2025 19300.00
03/19/2025   515 HOF 0000003826 57900.00 03/19/2025 Books   Dewey Decimal Classification       College of Business Education Main Library College of Business Education Main Library General Collection 03/19/2025 19300.00
03/19/2025   515 HOF 0000003827 57900.00 03/19/2025 Books   Dewey Decimal Classification       College of Business Education Main Library College of Business Education Main Library General Collection 03/19/2025 19300.00
03/19/2025   515 HOF 0000003828 57900.00 03/19/2025 Books   Dewey Decimal Classification       College of Business Education Main Library College of Business Education Main Library General Collection 03/19/2025 19300.00